Name A Border of Every Country - Statistics

General Stats
  • This quiz has been taken 4,214 times
    2,915 since last reset
  • The average score is 131 of 156
Answer Stats
Country Borders % Correct
Austria Czech Republic | Germany | Hungary | Italy | Liechtenstein | Slovakia | Slovenia | Switzerland
98%
Belgium France | Germany | Luxembourg | Netherlands
98%
France Andorra | Belgium | Brazil | Germany | Italy | Luxembourg | Monaco | Spain | Suriname | Switzerland
97%
Germany Austria | Belgium | Czech Republic | Denmark | France | Luxembourg | Netherlands | Poland | Switzerland
97%
Italy Austria | France | San Marino | Slovenia | Switzerland | Vatican City
97%
Czech Republic Austria | Germany | Poland | Slovakia
97%
Andorra France | Spain
97%
Belarus Latvia | Lithuania | Poland | Russia | Ukraine
97%
Finland Norway | Russia | Sweden
97%
Ireland United Kingdom
97%
Greece Albania | Bulgaria | North Macedonia | Turkey
96%
Hungary Austria | Croatia | Romania | Serbia | Slovakia | Slovenia | Ukraine
96%
Latvia Belarus | Estonia | Lithuania | Russia
96%
Croatia Bosnia and Herzegovina | Hungary | Montenegro | Serbia | Slovenia
96%
Bosnia and Herzegovina Croatia | Montenegro | Serbia
96%
Albania Greece | Kosovo | Montenegro | North Macedonia
96%
Bulgaria Greece | North Macedonia | Romania | Serbia | Turkey
96%
Estonia Latvia | Russia
96%
Spain Andorra | France | Morocco | Portugal | United Kingdom
95%
Russia Azerbaijan | Belarus | China | Estonia | Finland | Georgia | Kazakhstan | Latvia | Lithuania | Mongolia | North Korea | Norway | Poland | Ukraine
95%
Poland Belarus | Czech Republic | Germany | Lithuania | Russia | Slovakia | Ukraine
95%
Lithuania Belarus | Latvia | Poland | Russia
95%
Luxembourg Belgium | France | Germany
95%
Netherlands Belgium | Germany
95%
Norway Finland | Russia | Sweden
95%
Denmark Germany
95%
Portugal Spain
95%
Kosovo Albania | Montenegro | North Macedonia | Serbia
94%
Switzerland Austria | France | Germany | Italy | Liechtenstein
94%
Liechtenstein Austria | Switzerland
94%
Ukraine Belarus | Hungary | Moldova | Poland | Romania | Russia | Slovakia
94%
Romania Bulgaria | Hungary | Moldova | Serbia | Ukraine
94%
Sweden Finland | Norway
94%
Monaco France
94%
United Kingdom Ireland | Spain
94%
San Marino Italy
94%
Vatican City Italy
94%
Montenegro Albania | Bosnia and Herzegovina | Croatia | Kosovo | Serbia
93%
North Macedonia Albania | Bulgaria | Greece | Kosovo | Serbia
93%
Slovakia Austria | Czech Republic | Hungary | Poland | Ukraine
93%
Serbia Bosnia and Herzegovina | Bulgaria | Croatia | Hungary | Kosovo | Montenegro | North Macedonia | Romania
93%
Canada United States
93%
China Afghanistan | Bhutan | India | Kazakhstan | Kyrgyzstan | Laos | Mongolia | Myanmar | Nepal | North Korea | Pakistan | Russia | Tajikistan | Vietnam
92%
Slovenia Austria | Croatia | Hungary | Italy
92%
India Bangladesh | Bhutan | China | Myanmar | Nepal | Pakistan
92%
Mexico Belize | Guatemala | United States
92%
United States Canada | Mexico
92%
Afghanistan China | Iran | Pakistan | Tajikistan | Turkmenistan | Uzbekistan
92%
Iran Afghanistan | Armenia | Azerbaijan | Iraq | Pakistan | Turkey | Turkmenistan
91%
Armenia Azerbaijan | Georgia | Iran | Turkey
91%
North Korea China | Russia | South Korea
91%
Israel Egypt | Jordan | Lebanon | Syria
91%
Bangladesh India | Myanmar
91%
Iraq Iran | Jordan | Kuwait | Saudi Arabia | Syria | Turkey
91%
Moldova Romania | Ukraine
91%
Pakistan Afghanistan | China | India | Iran
90%
Georgia Armenia | Azerbaijan | Russia | Turkey
90%
Azerbaijan Armenia | Georgia | Iran | Russia | Turkey
90%
Guatemala Belize | El Salvador | Honduras | Mexico
90%
Laos Cambodia | China | Myanmar | Thailand | Vietnam
90%
Bhutan China | India
90%
Nepal China | India
90%
Kazakhstan China | Kyrgyzstan | Russia | Turkmenistan | Uzbekistan
90%
Mongolia China | Russia
90%
Panama Colombia | Costa Rica
90%
Nicaragua Costa Rica | Honduras
90%
Haiti Dominican Republic
90%
Indonesia East Timor | Malaysia | Papua New Guinea
90%
Honduras El Salvador | Guatemala | Nicaragua
90%
Dominican Republic Haiti
90%
Jordan Iraq | Israel | Saudi Arabia | Syria
90%
Saudi Arabia Iraq | Jordan | Kuwait | Oman | Qatar | United Arab Emirates | Yemen
90%
Cambodia Laos | Thailand | Vietnam
90%
Costa Rica Nicaragua | Panama
90%
South Korea North Korea
90%
Oman Saudi Arabia | United Arab Emirates | Yemen
90%
Myanmar Bangladesh | China | India | Laos | Thailand
89%
Malaysia Brunei | Indonesia | Thailand
89%
El Salvador Guatemala | Honduras
89%
Belize Guatemala | Mexico
89%
Syria Iraq | Israel | Jordan | Lebanon | Turkey
89%
Kuwait Iraq | Saudi Arabia
89%
Lebanon Israel | Syria
89%
Qatar Saudi Arabia
89%
Brazil Argentina | Bolivia | Colombia | France | Guyana | Paraguay | Peru | Suriname | Uruguay | Venezuela
88%
Chile Argentina | Bolivia | Peru
88%
Bolivia Argentina | Brazil | Chile | Paraguay | Peru
88%
Turkey Armenia | Azerbaijan | Bulgaria | Georgia | Greece | Iran | Iraq | Syria
88%
Argentina Bolivia | Brazil | Chile | Paraguay | Uruguay
88%
Colombia Brazil | Ecuador | Panama | Peru | Venezuela
88%
Vietnam Cambodia | China | Laos
88%
Thailand Cambodia | Laos | Malaysia | Myanmar
88%
Kyrgyzstan China | Kazakhstan | Tajikistan | Uzbekistan
88%
United Arab Emirates Oman | Saudi Arabia
88%
Paraguay Argentina | Bolivia | Brazil
87%
Peru Bolivia | Brazil | Chile | Colombia | Ecuador
87%
Guyana Brazil | Suriname | Venezuela
87%
Ecuador Colombia | Peru
87%
East Timor Indonesia
87%
Yemen Oman | Saudi Arabia
87%
Tajikistan Afghanistan | China | Kyrgyzstan | Uzbekistan
86%
Uruguay Argentina | Brazil
86%
Venezuela Brazil | Colombia | Guyana
86%
Suriname Brazil | France | Guyana
86%
Turkmenistan Afghanistan | Iran | Kazakhstan | Uzbekistan
85%
Uzbekistan Afghanistan | Kazakhstan | Kyrgyzstan | Tajikistan | Turkmenistan
85%
Algeria Libya | Mali | Mauritania | Morocco | Niger | Tunisia
85%
Papua New Guinea Indonesia
84%
Brunei Malaysia
82%
Chad Cameroon | Central African Republic | Libya | Niger | Nigeria | Sudan
80%
Central African Republic Cameroon | Chad | D.R.Congo | Republic of the Congo | South Sudan | Sudan
80%
Angola D.R.Congo | Namibia | Republic of the Congo | Zambia
80%
Egypt Israel | Libya | Sudan
80%
Democratic Republic of the Congo Angola | Burundi | Central African Republic | Republic of the Congo | Rwanda | South Sudan | Tanzania | Uganda | Zambia
79%
Republic of the Congo Angola | Cameroon | Central African Republic | D.R.Congo | Gabon
79%
Botswana Namibia | South Africa | Zambia | Zimbabwe
79%
Benin Burkina Faso | Niger | Nigeria | Togo
77%
Burkina Faso Benin | Ghana | Ivory Coast | Mali | Niger | Togo
76%
Cameroon Central African Republic | Chad | Equatorial Guinea | Gabon | Nigeria | Republic of the Congo
76%
Ethiopia Djibouti | Eritrea | Kenya | Somalia | South Sudan | Sudan
76%
Djibouti Eritrea | Ethiopia | Somalia
76%
Eritrea Djibouti | Ethiopia | Sudan
74%
Eswatini Mozambique | South Africa
74%
Burundi D.R.Congo | Rwanda | Tanzania
73%
Lesotho South Africa
70%
Libya Algeria | Chad | Egypt | Niger | Sudan | Tunisia
69%
Kenya Ethiopia | Somalia | South Sudan | Tanzania | Uganda
69%
Equatorial Guinea Cameroon | Gabon
68%
Ghana Burkina Faso | Ivory Coast | Togo
67%
Gabon Cameroon | Equatorial Guinea | Republic of the Congo
67%
Guinea Guinea Bissau | Ivory Coast | Liberia | Mali | Senegal | Sierra Leone
67%
Gambia Senegal
67%
Ivory Coast Burkina Faso | Ghana | Guinea | Liberia | Mali
66%
Mali Algeria | Burkina Faso | Guinea | Ivory Coast | Mauritania | Niger | Senegal
65%
Morocco Algeria | Mauritania | Spain
65%
Guinea-Bissau Guinea | Senegal
65%
Niger Algeria | Benin | Burkina Faso | Chad | Libya | Mali | Nigeria
64%
Mauritania Algeria | Mali | Morocco | Senegal
64%
Nigeria Benin | Cameroon | Chad | Niger
63%
Namibia Angola | Botswana | South Africa | Zambia
62%
Mozambique Eswatini | Malawi | South Africa | Tanzania | Zambia | Zimbabwe
62%
Liberia Guinea | Ivory Coast | Sierra Leone
62%
South Africa Botswana | Eswatini | Lesotho | Mozambique | Namibia | Zimbabwe
60%
Rwanda Burundi | D.R.Congo | Tanzania | Uganda
60%
South Sudan Central African Republic | D.R.Congo | Ethiopia | Kenya | Sudan | Uganda
60%
Malawi Mozambique | Tanzania | Zambia
60%
Sudan Central African Republic | Chad | Egypt | Eritrea | Ethiopia | Libya | South Sudan
59%
Somalia Djibouti | Ethiopia | Kenya
58%
Senegal Gambia | Guinea | Guinea Bissau | Mali | Mauritania
58%
Tunisia Algeria | Libya
56%
Tanzania Burundi | D.R.Congo | Kenya | Malawi | Mozambique | Rwanda | Uganda | Zambia
56%
Zambia Angola | Botswana | D.R.Congo | Malawi | Mozambique | Namibia | Tanzania | Zimbabwe
54%
Zimbabwe Botswana | Mozambique | South Africa | Zambia
54%
Uganda D.R.Congo | Kenya | Rwanda | South Sudan | Tanzania
54%
Sierra Leone Guinea | Liberia
54%
Togo Benin | Burkina Faso | Ghana
53%
No matching quizzes found
Score Distribution
Percent of People with Each Score
Percentile by Number Answered
Your Score History
You have not taken this quiz since the last reset